Statistiques concernant Mbappé

Cliquez ici pour prendre le quiz!

Statistiques générales

  • Ce quiz a été pris 766 fois
  • Le résultat moyen est 9 sur 14

Statistiques - réponses

HintRéponse% Correct
âge23
97%
clubPSG
96%
posteattaquant
83%
ville d'originebondy
83%
club formateurMonaco
82%
prénom frèreEthan
81%
fan de ...Ronaldo
79%
origine pèreCameroun
75%
origine mèreAlgérie
71%
deuxième nom de famille lottin
62%
taille1,78
61%
prénom pèreWilfrid
38%
prénom mèrefayza
24%
parrain de l'association ...premier de cordée
2%

Distribution des résultats

Percentile par nombre de réponses

% des personnes avec chaque résultat

Votre développement - résultats

Vous n’avez pas pris ce quiz